000 00789nas a2200241 4500
001 BR8803406
003 BR-BrBNA
005 20231205091153.0
007 ta
008 230509b bl.|||p| |||| 00| 00por d
040 _aBR-BrBNA
_bpor
_cBiblioteca Nacional de Agricultura
041 _a(Pt)
072 _aL72
100 1 _aMattos Junior, D.G. de
100 1 _aVianna, S.S.S.
245 1 _aO Eurytrema coelomaticum (Trematoda: Dicrocoeliidae)no Brasil
246 1 _a[The Eurytrema coelomaticum (Trematoda: Dicrocoeliidae)in Brazil]
650 _aRUMINANTE
650 _aTREMATODEO
773 0 _tArquivos Fluminenses de Medicina Veterinaria (Brazil)
_xISSN 0102-7794
_g(Jan-Mar 1987), v. 2(1) p. 3-7
_wBR8803406
909 _a202311
_bLúcia
_c55
_dLúcia Elande
942 _2AGRIS
_n0
_cANA
999 _c123302
_d123302